[Event "NCC-chB"]
[Site "Cyprus"]
[Date "2007.12.09"]
[Round "6"]
[White "Khetab, George"]
[Black "Constantinides, Marios"]
[Result "1/2-1/2"]
[WhiteElo "1750"]
[BlackElo "1717"]
[PlyCount "32"]
[EventDate "2007.11.24"]
[EventType "swiss"]
[EventRounds "7"]
[EventCountry "CYP"]
[SourceTitle "EXT 2024"]
[Source "ChessBase"]
[SourceDate "2023.10.10"]
[SourceVersion "1"]
[SourceVersionDate "2023.10.10"]
[SourceQuality "1"]

1. d4 d5 2. Nc3 Nf6 3. e3 e6 4. a3 Bd6 5. Bd3 0-0 6. f4 Nc6 7. Nf3 b6 8. 0-0 Bb7 9. Ne5 Nd7 10. Bb5 Bxe5 11. fxe5 Ne7 12. Bd3 c5 13. b3 Nc6 14. Nb5 Ba6 15. c4 dxc4 16. bxc4 Qh4 1/2-1/2